000 00909nas a2200253 4500
001 BR8401471
003 BR-BrBNA
005 20231205085834.0
007 ta
008 230509b bl.|||p| |||| 00| 00por d
040 _aBR-BrBNA
_bpor
_cBiblioteca Nacional de Agricultura
041 _a(Pt)
072 _aL74
100 1 _aSantos, R.C. dos
245 1 _aAlguns dados sobre a toxicidade do broto de samambaia (Pteridium aquilinum)[ruminante, intoxicacao animal]
246 1 _aSome data on the toxicity of bracken fern (Pteridium aquilinum)[ruminant, animal intoxication]
650 _aSAMAMBAIA
650 _aINTOXICACAO ANIMAL
650 _aTOXIDEZ
650 _aRUMINANTE
773 0 _tBoletim da Sociedade Brasileira de Ciencia e Tecnologia de Alimentos (Brazil)
_xISSN 0101-3637
_g(Apr 1983), v. 17(2) p. 159-163
_wBR8401471
909 _a202311
_bLúcia
_c55
_dLúcia Elande
942 _2AGRIS
_n0
_cANA
999 _c114184
_d114184